[Event "1er Tournoi de Venacu (rapide)"]
[Site "Venaco"]
[Date "2005.11.28"]
[Round "1"]
[White "Auge, Jean"]
[Black "Shirov, Alexei"]
[Result "0-1"]
[WhiteElo "1952"]
[BlackElo "2710"]
[Annotator ""]

1. e4 c5 2. f4 e6 3. Nf3 d5 4. e5 Nc6 5. g3 f6 6. d4 cxd4 7. exf6 Qxf6
8. Bb5 Bc5 9. Ne5 Ne7 10. Nd2 O-O 11. Bxc6 Nxc6 12. Nxc6 bxc6 13. Nf3
Ba6 14. Ne5 Qf5 15. Nd7 Qe4+ 16. Kf2 Be2 17. Ke1 Ba6+ 18. Kf2 Be2 19.
Nxc5 Qe5 20. Qxe2 d3 0-1

[Event "1er Tournoi de Venacu (rapide)"]
[Site "Venaco"]
[Date "2005.11.28"]
[Round "2"]
[White "Shirov, Alexei"]
[Black "Meier, Georg"]
[Result "1-0"]
[WhiteElo "2710"]
[BlackElo "2411"]
[Annotator ""]

1. e4 e6 2. d4 d5 3. Nc3 dxe4 4. Nxe4 Nd7 5. Nf3 Ngf6 6. Bd3 c5 7. O-O
cxd4 8. Nxd4 Be7 9. Nb5 O-O 10. Bf4 Nxe4 11. Bxe4 e5 12. Be3 a6 13.
Nd6 Nf6 14. Nxc8 Qxc8 15. Qf3 Nxe4 16. Qxe4 Qe6 17. Rfd1 f5 18. Qd5
Qxd5 19. Rxd5 f4 20. Bb6 Rac8 21. Rc1 Rc6 22. Ba5 e4 23. c4 Bf6 24. b3
Re8 25. Re1 Kf8 26. Bd2 g5 27. g3 b5 28. gxf4 gxf4 29. cxb5 axb5 30.
Bxf4 Rc2 31. Rxb5 Rxa2 32. Rb7 Bd4 33. Be3 Bxe3 34. Rxe3 Re6 35. Rc3
Re7 36. Rxe7 Kxe7 37. Re3 Kf6 38. Rxe4 Rb2 39. b4 Kf5 40. Rc4 Rb3 41.
Kg2 h6 42. f3 Kg5 43. Kg3 Kf5 44. Rc5+ Kg6 45. b5 Rb1 46. h4 Rg1+ 47.
Kf4 Rh1 48. h5+ Kg7 49. b6 Rb1 50. Rc7+ Kf6 51. Rc6+ Kg7 52. Rg6+ 1-0

[Event "1er Tournoi de Venacu (rapide)"]
[Site "Venaco"]
[Date "2005.10.28"]
[Round "2"]
[White "Humeau, Cyril"]
[Black "Balogh, Csaba"]
[Result "0-1"]
[WhiteElo "2100"]
[BlackElo "2567"]

1. c4 e5 2. Nc3 Nf6 3. Nf3 Nc6 4. e4 Bb4 5. d3 h6 6. Be2 O-O 7. O-O d6 8. Nd5
Bc5 9. a3 Nxd5 10. cxd5 Nd4 11. Be3 Nxf3+ 12. Bxf3 Bxe3 13. fxe3 c6 14. dxc6
bxc6 15. Bg4 Qg5 16. Bxc8 Qxe3+ 17. Kh1 Raxc8 18. Rf3 Qd4 19. Qc2 c5 20. Raf1
f6 21. b3 Rb8 22. Qc4+ Rf7 23. Qe6 Kf8 24. h3 Re8 25. Qc4 Qxc4 26. dxc4 Rb7 27.
Rd1 Rd8 28. Rdd3 h5 29. g4 hxg4 30. hxg4 Ke7 31. Kg2 Rh8 32. Rh3 Rbb8 33. Rdf3
Rxh3 34. Rxh3 Kf7 35. Rd3 Kg6 36. Rxd6 Rxb3 37. Ra6 Re3 38. Ra5 Rxe4 39. Rxc5
Rxg4+ 40. Kf2 Kf5 41. a4 a5 42. Rxa5 Rxc4 43. Ra7 g5 44. a5 Ra4 45. a6 Kf4 46.
Ra8 f5 47. a7 e4 0-1

[Event "1er Tournoi de Venacu (rapide)"]
[Site "Venaco"]
[Date "2005.10.28"]
[Round "4"]
[White "Humeau, Cyril"]
[Black "Iordachescu, Viorel"]
[Result "0-1"]
[WhiteElo "2100"]
[BlackElo "2583"]

1. d4 Nf6 2. c4 e6 3. Nc3 Bb4 4. e3 O-O 5. Bd3 d5 6. cxd5 exd5 7. Nge2 Re8 8.
O-O Bd6 9. Qc2 a6 10. Ng3 g6 11. a3 Nbd7 12. e4 Bxg3 13. hxg3 dxe4 14. Bxe4 Nf8
15. Bg5 Ne6 16. Bxf6 Qxf6 17. d5 Nc5 18. Rfe1 Bd7 19. Rad1 a5 20. Bf3 Bf5 21.
Qd2 Qd6 22. Qf4 Bd7 23. Qxd6 cxd6 24. Kf1 b5 25. Rd2 Rxe1+ 26. Kxe1 f5 27. Kd1
b4 28. Ne2 Kf7 29. Nd4 Ba4+ 30. Ke1 Re8+ 31. Kf1 bxa3 32. bxa3 Rb8 33. Bd1 Ne4
34. Rd3 Rb1 35. Ke1 Bxd1 36. Rxd1 Rxd1+ 37. Kxd1 Nxf2+ 38. Ke2 Ne4 39. Nc6 a4
40. Nd8+ Kf6 41. Nb7 Ke5 42. Na5 Kxd5 0-1

[Event "1er Tournoi de Venacu (rapide)"]
[Site "Venaco"]
[Date "2005.10.28"]
[Round "6"]
[White "Agrest, Evgenij"]
[Black "Markowski, Tomasz"]
[Result "1/2-1/2"]
[WhiteElo "2570"]
[BlackElo "2582"]
[Annotator ""]

1. d4 d5 2. Nf3 Nf6 3. c4 dxc4 4. e3 e6 5. Bxc4 a6 6. a4 b6 7. O-O Bb7
8. Qe2 Nbd7 9. Rd1 c5 10. Nc3 Qc7 11. d5 exd5 12. Nxd5 Nxd5 13. Bxd5
Bxd5 14. Rxd5 Be7 15. e4 O-O 16. e5 Qc6 17. Rd1 Rfe8 18. Bf4 Nf8 19.
Bg3 Ne6 20. Ra3 Rad8 21. Rxd8 Rxd8 22. h3 c4 23. Rc3 b5 24. axb5 axb5
25. Rc1 Qd5 26. Qc2 h6 27. Qc3 Nc5 28. Kh2 Nd3 29. Rd1 b4 30. Qc2 b3
31. Qe2 Qc6 32. Rb1 Bf8 33. Nd2 Bb4 34. Ne4 Re8 35. f4 Qd5 36. Qe3 f5
37. Nd2 Nxe5 38. fxe5 Bxd2 39. Qf2 f4 40. Bxf4 Bxf4+ 41. Qxf4 Qxe5 42.
Qxe5 Rxe5 43. Rc1 Re4 44. Kg3 g5 45. Kf3 Rf4+ 46. Ke3 Kf7 47. g3 Rf6
48. Rxc4 Re6+ 49. Kd3 Rf6 50. Rc3 Rf2 51. Rxb3 Rh2 52. g4 Rxh3+ 53.
Kc4 Rh4 54. Rb7+ Kf6 55. Rb6+ Ke5 56. Kc5 Kf4 57. b4 Kxg4 58. b5 h5
59. Ra6 Rh1 60. Ra4+ Kh3 61. b6 Rc1+ 62. Rc4 Rf1 63. Rc3+ Kh4 64. Rb3
g4 65. b7 Rf8 66. b8Q Rxb8 67. Rxb8 Kg3 68. Kd4 h4 69. Rb3+ Kf4 70.
Rb8 h3 71. Rf8+ Kg3 72. Ke3 h2 73. Rh8 Kg2 74. Kf4 g3 75. Rh7 Kf2 76.
Rh8 Kg2 77. Rh7 1/2-1/2

[Event "1er Tournoi de Venacu (rapide)"]
[Site "Venaco"]
[Date "2005.10.28"]
[Round "6"]
[White "Nikolic, Predrag"]
[Black "Bologan, Viktor"]
[Result "1/2-1/2"]
[WhiteElo "2584"]
[BlackElo "2682"]
[Annotator ""]

1. d4 Nf6 2. Nf3 e6 3. c4 Nc6 4. g3 Bb4+ 5. Bd2 Qe7 6. Nc3 O-O 7. Bg2
d6 8. O-O Bxc3 9. Bxc3 a5 10. d5 exd5 11. cxd5 Nb4 12. Ne1 Ne4 13.
Bxb4 axb4 14. Nd3 b3 15. a3 c5 16. dxc6ep bxc6 17. Re1 Rb8 18. Rc1 c5
19. f3 Ng5 20. Rc3 Ne6 21. e3 Ba6 22. f4 Bb7 23. Rxb3 Bxg2 24. Rxb8
Rxb8 25. Kxg2 Qb7+ 26. Kg1 Qe4 27. Nf2 Qc6 28. Qc2 h6 29. h4 d5 30. f5
Nf8 31. b4 c4 32. Qc3 Nd7 33. e4 dxe4 34. Rxe4 Nb6 35. Qe5 Rc8 36. Rg4
f6 37. Qe7 g5 38. fxg6ep Rc7 39. Qd8+ Kg7 40. Rd4 Rd7 41. Rxd7+ Nxd7
42. Qe7+ Kxg6 43. g4 Ne5 44. h5+ Kg5 45. Qg7+ Kh4 46. Qxh6 c3 47. Qe3
Nf3+ 48. Kf1 c2 49. Nd3 Nh2+ 50. Ke2 Nxg4 51. Qg1 Qc3 52. Qd1 Qe1+ 53.
Kxe1 Ne5 54. Nc1 Kg5 55. a4 Kf5 56. Kd2 Ke4 57. Kc3 f5 58. a5 Nc6 59.
Ne2 Ke5 60. a6 Na7 61. Qd5+ Kxd5 62. Nf4+ Kc6 63. Kc4 Kb6 64. Kd5 Kxa6
65. Ke5 Kb5 66. Kxf5 Kxb4 67. Ke5 1/2-1/2

[Event "1er Tournoi de Venacu (rapide)"]
[Site "Venaco"]
[Date "2005.10.28"]
[Round "6"]
[White "Humeau, Cyril"]
[Black "Milov, Leonid"]
[Result "1-0"]
[WhiteElo "2100"]
[BlackElo "2472"]

1. Nf3 f5 2. g3 Nf6 3. Bg2 g6 4. O-O d6 5. d4 Bg7 6. c4 O-O 7. Nc3 Na6 8. b3
Qe8 9. Bb2 e5 10. dxe5 dxe5 11. e4 f4 12. Qe2 Nh5 13. Rad1 Bg4 14. h3 Bxf3 15.
Bxf3 fxg3 16. Bxh5 gxf2+ 17. Rxf2 Rxf2 18. Qxf2 gxh5 19. Nd5 Kh8 20. Kh2 Qe6
21. Rg1 Rf8 22. Qg2 Qh6 23. Bc1 Qg6 24. Qxg6 hxg6 25. Rxg6 c6 26. Ne7 Rf2+ 27.
Kg3 Rf7 28. Nf5 Nc5 29. Kf3 Kh7 30. Rg5 h4 31. Rh5+ Kg6 32. Rxh4 Ne6 33. Rg4+
Kh7 34. Ke3 Bf6 35. Bd2 Nd4 36. Bc3 Ne6 37. Be1 Nf4 38. Bh4 1-0

[Event "1er Tournoi de Venacu (rapide)"]
[Site "Venaco"]
[Date "2005.10.29"]
[Round "8"]
[White "Markowski, Tomasz"]
[Black "Socko, Bartosz"]
[Result "1/2-1/2"]
[WhiteElo "2582"]
[BlackElo "2610"]
[Annotator ""]

1. g3 Nf6 2. Bg2 d5 3. Nf3 e6 4. O-O c5 5. c4 dxc4 6. Na3 Be7 7. Nxc4
O-O 8. b3 Nbd7 9. Bb2 Rb8 10. Nfe5 Qc7 11. Rc1 Rd8 12. Qc2 Nd5 13.
Rfd1 Bf6 14. Nxd7 Bxd7 15. Bxf6 Nxf6 16. Ne3 b6 17. d4 Bb5 18. dxc5
Rxd1+ 19. Rxd1 Qxc5 20. Qxc5 bxc5 21. Bf3 e5 22. Nd5 c4 23. Nc3 e4 24.
Nxb5 exf3 25. exf3 cxb3 26. axb3 g6 27. Nd4 Rb4 28. Kf1 a5 29. Rd3 a4
30. bxa4 Rxa4 31. Kg2 Ra2 32. Nc6 Kg7 33. h3 Rc2 34. Ne5 Re2 35. Nc4
Rc2 36. Ne3 Ra2 37. g4 h6 38. Kg3 Ra4 39. Rb3 h5 40. Kg2 hxg4 41. fxg4
Ne4 42. Rb2 Rd4 43. h4 Nc3 44. Kf3 Nd1 45. Nxd1 Rxd1 46. Rb5 Rh1 47.
h5 gxh5 48. Rxh5 Ra1 49. Rg5+ Kf6 50. Rb5 Kg6 51. Kg3 Rg1+ 52. Kf4 Rg2
53. f3 Rg1 54. g5 f6 55. Ke4 1/2-1/2

[Event "1er Tournoi de Venacu (rapide)"]
[Site "Venaco"]
[Date "2005.10.29"]
[Round "14"]
[White "Anand, Viswanathan"]
[Black "Gurevich, Mikhail"]
[Result "1-0"]
[WhiteElo "2788"]
[BlackElo "2652"]

1. e4 d6 2. d4 Nf6 3. f3 g6 4. Be3 Bg7 5. Qd2 Nc6 6. Nc3 e5 7. d5 Nd4
8. Nge2 Nxe2 9. Bxe2 O-O 10. g4 c5 11. dxc6ep bxc6 12. O-O-O d5 13.
exd5 Qa5 14. dxc6 Be6 15. g5 Rfd8 16. Qe1 Nd5 17. Nxd5 Qxa2 18. c4
Rdb8 19. Qc3 Rb3 20. Qc2 e4 21. Bd4 exf3 22. Ne7+ Kf8 23. Bxg7+ Kxg7
24. Rd3 fxe2 25. Rxb3 Qa1+ 26. Qb1 Qa4 27. Re3 Qb4 28. Qe4 Qxe7 29.
Qe5+ Kg8 30. Rxe2 Rc8 31. Rd1 Rxc6 32. b3 Qa3+ 33. Qb2 Qe7 34. h4 Rc8
35. Rd4 a5 36. Qa1 Qc7 37. Red2 Qb6 38. Rd6 Qg1+ 39. Kb2 Qe3 40. Rd8+
Rxd8 41. Rxd8+ 1-0